Normal view
MARC view
- Pesadillas
Entry Materia
001 - NÚMERO DE CONTROL DEL REGISTRO
- campo de control: 11312
003 - IDENTIFICADOR DE NUMERO DE CONTROL
- campo de control: MX-MxUPN
005 - FECHA Y HORA DE LA ÚLTIMA TRANSACCIÓN
- campo de control: 20230525120533.0
008 - DATOS DE LONGITUD FIJA
- campo de control de longitud fija: 230525nn anannbabn n ana |d
035 ## - NÚMERO DE CONTROL DEL SISTEMA
- Número de control del sistema: UPN10000011319
040 ## - FUENTE DE LA CATALOGACIÓN
- Lengua de catalogación: spa
- Centro catalogador de origen: MX-MxUPN
150 ## - ENCABEZAMIENTO - TEMÁTICO
- Término de materia o nombre geográfico como elemento inicial: Pesadillas
670 ## - FUENTE EN LA QUE SE LOCALIZARON DATOS
- Cita de la fuente: LC Authorities, 25 mayo 2023:
- Información localizada: (Nightmares)
- Identificador Uniforme del Recurso: https://lccn.loc.gov/sh85091914
902 ## - CATALOGADOR
- Catalogador: MCM/251103
- Catalogador: VíctorGodínez/230523
